00748nam a2200217Ia 4500003000900000008004100009020001800050040001600068080001300084100003100097245011300128260004400241300001600285650001700301650002600318650001700344700002400361942000700385999001700392952012100409IN-BaIIA211028s9999 xx 000 0 eng d a0-19-511694-1 cIIA Library a523bLOD aLodders, Katharina 922533 4aThe planetary scientist's companioncKatharina Lodders and B. Fegley  aNew YorkbOxford University Pressc1998 axvii, 371p. aManual95458 aPlanetary system9756 aPlanets9971 aFegley, B 922534 cBK c12847d12847 00104070aBANbBANcGENd1999-01-19g1495.00l0o523/ LODp13764r2021-11-05v1495.00w1999-01-19yBKGRs. 1495.00